000 00201 a2200097 4500
001 43282
100 _aGraves
245 _aWhite goddess
260 _aLondon
_bFaber & Faber
_c
090 _c27123
_d27123
942 _aNUST-CAE
_cM
_c19029
999 _c278355
_d278355